[Event "ICS rated standard match"]
[Site "204.178.125.65"]
[Date "2001.07.23"]
[Round "?"]
[White "AvernoX"]
[Black "Hossa"]
[Result "1-0"]
[WhiteElo "2136"]
[BlackElo "2335"]
[PlyCount "98"]
[EventDate "2001.??.??"]

1. Nf3 d5 2. d4 c5 3. g3 cxd4 4. Bg2 Qa5+ 5. Kf1 Qd8 6. Bf4 e6 7. Bxb8 Rxb8 8.
Qxd4 Bd7 9. Ne5 Qf6 10. Nc3 Rc8 11. Ne4 Qe7 12. Nxd7 Qxd7 13. Nc3 Nf6 14. Qxa7
Bb4 15. Qd4 Rc4 16. Qd2 O-O 17. Qc1 Rfc8 18. Nd1 Rxc2 19. Qe3 Bd6 20. Qb3 Rd2
21. Nc3 Be5 22. Rb1 Rc7 23. Bf3 Bxc3 24. bxc3 e5 25. a4 d4 26. cxd4 e4 27. Bg2
Rxd4 28. a5 Qf5 29. Qb6 Rcd7 30. Kg1 e3 31. Bf3 Ng4 32. fxe3 Nxe3 33. Rb5 Rd1+
34. Kf2 Ng4+ 35. Kg2 Rxh1 36. Kxh1 Ne3 37. Rb1 Qc2 38. Rg1 Qd2 39. Qb5 Nd1 40.
Bxb7 Nf2+ 41. Kg2 Ng4 42. a6 Rd8 43. a7 Qa2 44. Qa6 Qxa6 45. Bxa6 Ne5 46. Rc1
Nd7 47. Rd1 h6 48. Rxd7 Rxd7 49. a8=Q+ Kh7 {Hossa resigns} 1-0

[Event "ICS rated standard match"]
[Site "204.178.125.65"]
[Date "2001.07.23"]
[Round "?"]
[White "Hossa"]
[Black "Hossa-Tester"]
[Result "1-0"]
[WhiteElo "2311"]
[BlackElo "2308"]
[PlyCount "47"]
[EventDate "2001.??.??"]

1. e4 e5 2. Nf3 f5 3. exf5 e4 4. Ne5 Nf6 5. Be2 Be7 6. Bh5+ Kf8 7. Nf7 Qe8 8.
Nxh8 Qxh5 9. Qxh5 Nxh5 10. g4 Nf4 11. d3 Nh3 12. Kf1 Bh4 13. Be3 Kg8 14. Kg2
Ng5 15. Nc3 Kxh8 16. dxe4 Nc6 17. Nd5 Nxe4 18. Nxc7 Rb8 19. Rhe1 b6 20. Bf4 Nf6
21. g5 Ng8 22. Nb5 Ba6 23. Nd6 Nge7 24. Re4 {Hossa-Tester resigns} 1-0

[Event "ICS rated standard match"]
[Site "204.178.125.65"]
[Date "2001.07.23"]
[Round "?"]
[White "Hossa-Tester"]
[Black "Hossa"]
[Result "1/2-1/2"]
[WhiteElo "2292"]
[BlackElo "2327"]
[PlyCount "168"]
[EventDate "2001.??.??"]

1. f3 Nf6 2. Kf2 e5 3. e3 Be7 4. d4 e4 5. c4 O-O 6. Nc3 exf3 7. Nxf3 Nc6 8. Bd3
Ng4+ 9. Ke2 Nb4 10. Bb1 d6 11. a3 Na6 12. h3 Nf6 13. Qd3 Be6 14. Ng5 g6 15.
Nxe6 fxe6 16. Rf1 Nh5 17. Rxf8+ Qxf8 18. Ne4 c6 19. g4 Ng7 20. Qb3 Rb8 21. Bd2
d5 22. cxd5 cxd5 23. Nf2 Qf7 24. Nd3 Rf8 25. Nf4 g5 26. Qxb7 gxf4 27. exf4 Nb8
28. Qxa7 Qe8 29. Qb6 Qa4 30. b3 Qd7 31. Bd3 Bd6 32. Rc1 Rf7 33. Bb4 Bc7 34. Qb7
Qd8 35. a4 e5 36. dxe5 Ne6 37. Bd2 Bb6 38. Qc8 Nd4+ 39. Kd1 Rf8 40. Qxd8 Bxd8
41. Rc5 Nxb3 42. Rxd5 Nxd2 43. Kxd2 Nc6 44. e6 Ne7 45. Rd7 Ng6 46. Bxg6 hxg6
47. Kd3 Bh4 48. Ke4 Ra8 49. Rd4 Kg7 50. f5 gxf5+ 51. gxf5 Kf6 52. Kf3 Bg5 53.
h4 Bc1 54. Rc4 Ba3 55. Rf4 Bd6 56. Rd4 Be5 57. Rb4 Kxf5 58. e7 Kf6 59. e8=R
Rxe8 60. a5 Bd6 61. Ra4 Re7 62. a6 Ra7 63. Ke4 Be5 64. Kd5 Kf5 65. Kc6 Bg3 66.
Ra2 Ke6 67. h5 Be5 68. Ra4 Kf5 69. Kb6 Bb8 70. Ra5+ Kf6 71. Ra1 Ke5 72. Re1+
Kf6 73. Re8 Ra8 74. Kb5 Kg5 75. Rh8 Rxa6 76. Kxa6 Be5 77. Rh7 Bd6 78. Rd7 Bf4
79. Rd4 Bg3 80. Rd5+ Kh6 81. Kb6 Bf4 82. Kc6 Bg5 83. Rxg5 Kxg5 84. h6 Kxh6 {
Game drawn because neither player has mating material} 1/2-1/2

[Event "ICS rated blitz match"]
[Site "204.178.125.65"]
[Date "2001.07.23"]
[Round "?"]
[White "ChesterX"]
[Black "Hossa"]
[Result "1-0"]
[WhiteElo "2774"]
[BlackElo "2548"]
[PlyCount "228"]
[EventDate "2001.??.??"]

1. d4 Nf6 2. c4 e6 3. Nf3 d5 4. Nc3 Nbd7 5. cxd5 exd5 6. Bf4 c6 7. Qc2 Be7 8.
h3 O-O 9. e3 a5 10. Bd3 b6 11. O-O Ba6 12. Bxa6 Rxa6 13. Ne2 Qc8 14. Rac1 c5
15. Qf5 Nb8 16. Ng3 Nc6 17. Bg5 c4 18. a4 Ra7 19. Bxf6 Qxf5 20. Nxf5 Bxf6 21.
b3 g6 22. Nh6+ Kg7 23. Ng4 Nb4 24. bxc4 dxc4 25. Rxc4 Rb8 26. e4 b5 27. axb5
Be7 28. Ra1 Rxb5 29. d5 a4 30. Nd4 Rb8 31. g3 a3 32. Ne2 f5 33. exf5 Nxd5 34.
Nd4 a2 35. Rcc1 Rbb7 36. Ne6+ Kf7 37. Ne5+ Kf6 38. Ng4+ Kxf5 39. Ng7+ Ke4 40.
Re1+ Kd4 41. Ne6+ Kc3 42. Rac1+ Kb4 43. Ne5 Ka4 44. Nc6 Ra8 45. Kf1 Ka3 46.
Ncd4 Bf6 47. Nc2+ Kb2 48. Na1 Nc3 49. Nc5 Rf7 50. Kg2 Rd8 51. Rc2+ Ka3 52. Re6
Rd5 53. Ncb3 Kb4 54. Rb6+ Rb5 55. Ra6 Rf5 56. Ra8 Kb5 57. Nc1 Kb6 58. g4 Rf4
59. Rb8+ Kc7 60. Rb3 Kd6 61. Rb6+ Kd5 62. Nd3 Rc4 63. Ra6 h5 64. f3 hxg4 65.
hxg4 Bg7 66. Rxg6 Ra7 67. Rb2 Rcc7 68. Nf4+ Kc4 69. Ne6 Nd1 70. Rc2+ Bc3 71.
Rc1 Rd7 72. Rg8 Rd2+ 73. Kg3 Kd5 74. Nf4+ Kc4 75. Rb8 Ra3 76. Ng2 Rd6 77. g5
Rd7 78. g6 Ra6 79. Nf4 Ra3 80. Ne2 Rg7 81. Rc8+ Kb5 82. Rxd1 Rxg6+ 83. Kf2 Bg7
84. Nc2 a1=Q 85. Rb1+ Ka5 86. Nxa1 Rxa1 87. Rxa1+ Bxa1 88. f4 Kb6 89. Rc1 Bg7
90. Kf3 Rc6 91. Rd1 Rc4 92. f5 Rc5 93. Kg4 Be5 94. Kg5 Rc8 95. Nf4 Rg8+ 96. Ng6
Kc5 97. Rd7 Bd4 98. Re7 Rg7 99. Re8 Kd5 100. Kf4 Rd7 101. Nf8 Rd6 102. Re2 Rh6
103. Ng6 Rh1 104. Ne7+ Kc5 105. Re6 Rf1+ 106. Kg4 Rg1+ 107. Kh5 Kb5 108. Ng6
Bg7 109. Ne5 Re1 110. Nd7 Rxe6 111. fxe6 Kc6 112. Kg6 Kd6 113. Kf7 Bd4 114. Nf6
Kc5 {Hossa resigns} 1-0

[Event "ICS rated blitz match"]
[Site "204.178.125.65"]
[Date "2001.07.23"]
[Round "?"]
[White "Hossa"]
[Black "winner3"]
[Result "0-1"]
[WhiteElo "2541"]
[BlackElo "2757"]
[PlyCount "119"]
[EventDate "2001.??.??"]

1. e4 e5 2. Nf3 Nc6 3. Bb5 Nf6 4. O-O Bc5 5. c3 O-O 6. d4 Bb6 7. Bg5 h6 8. Bh4
d6 9. Qd3 Qe7 10. Bxc6 bxc6 11. dxe5 dxe5 12. Na3 Bg4 13. Nc4 Rfd8 14. Qe2 Qe6
15. b3 Bc5 16. h3 Bh5 17. g4 Bg6 18. Nfxe5 Bh7 19. Nd3 Be7 20. f3 Nd5 21. Bxe7
Qxe7 22. Rfc1 Nb6 23. Ndb2 h5 24. Qf2 Qf6 25. gxh5 Nxc4 26. Nxc4 Rd3 27. h6
Qxh6 28. Qg2 Qf6 29. Rf1 Qxc3 30. Qg4 Qf6 31. e5 Qe7 32. Kh1 Rad8 33. Rg1 Bg6
34. Rg2 R3d4 35. f4 Qf8 36. Kh2 Be4 37. Rgg1 Bd5 38. Rac1 Be6 39. Qg5 Bxc4 40.
bxc4 Rd2+ 41. Rg2 R8d4 42. Rc2 Rxg2+ 43. Qxg2 Rxf4 44. Qxc6 Qc8 45. Rg2 Rd4 46.
Qf6 Qf8 47. Qf1 Re4 48. Rg5 Re3 49. Qg1 Re2+ 50. Rg2 Rxe5 51. Qxa7 Qd6 52. Kg1
Re1+ 53. Kf2 Qd2+ 54. Kg3 Qd3+ 55. Kh4 Re6 56. Qg1 Rh6+ 57. Kg4 Qe4+ 58. Kg3
Qe5+ 59. Kg4 Rg6+ 60. Kf3 {Hossa resigns} 0-1

[Event "ICS rated blitz match"]
[Site "204.178.125.65"]
[Date "2001.07.23"]
[Round "?"]
[White "winner3"]
[Black "Hossa"]
[Result "0-1"]
[WhiteElo "2764"]
[BlackElo "2534"]
[PlyCount "192"]
[EventDate "2001.??.??"]

1. e4 e5 2. Nf3 Nf6 3. d4 exd4 4. e5 Ne4 5. Qxd4 d5 6. exd6 Nxd6 7. Nc3 Nc6 8.
Qf4 Nf5 9. Bb5 Bd6 10. Qe4+ Nfe7 11. Bxc6+ bxc6 12. Be3 O-O 13. O-O-O Bf5 14.
Qa4 Qb8 15. Rhe1 Bb4 16. Bd4 Re8 17. Ng5 c5 18. Be5 h6 19. Nf3 a5 20. a3 c4 21.
Re2 Bxc3 22. Bxc3 Be6 23. Nd4 Nd5 24. Bxa5 Nf4 25. Re3 Nxg2 26. Rg3 Nf4 27.
Rdg1 g6 28. Re3 Qa7 29. Nc6 Qc5 30. Rd1 Ng2 31. Re5 Qxf2 32. Rd2 Qf1+ 33. Rd1
Qf4+ 34. Kb1 Qf3 35. Rg1 Bd7 36. Rxe8+ Rxe8 37. Nd4 Qd5 38. Qb4 c5 39. Qd2 cxd4
40. Rxg2 Be6 41. c3 Bf5+ 42. Ka2 Qxa5 43. Qxd4 Qa4 44. Qd2 Qb3+ 45. Ka1 Ra8 46.
Rg1 Bc2 47. Qc1 Kg7 48. Rg2 Be4 49. Rd2 g5 50. Qg1 f5 51. Qd4+ Kg6 52. Qd6+ Kh5
53. Qc5 Ra6 54. Qb4 Kh4 55. Qc5 Qb6 56. Qf2+ Qxf2 57. Rxf2 Kh3 58. Rd2 Bg2 59.
Ka2 Kxh2 60. b4 cxb3+ 61. Kxb3 g4 62. Rf2 g3 63. Rxf5 Bh3 64. Rf3 g2 65. Rf2
Kg3 66. Rxg2+ Bxg2 67. a4 Rxa4 68. Kxa4 Kh2 69. Kb4 Kh1 70. c4 Bf1 71. c5 Be2
72. c6 Ba6 73. Ka5 Bc8 74. Kb6 Be6 75. Kc5 h5 76. Kd6 Bf5 77. Kc5 Bc8 78. Kd6
Bg4 79. Ke5 h4 80. Kf4 Bc8 81. Kf3 h3 82. Kf2 h2 83. Kf1 Ba6+ 84. Kf2 Bb5 85.
c7 Ba6 86. c8=Q Bxc8 87. Kf1 Bh3+ 88. Kf2 Bg2 89. Kg3 Kg1 90. Kf4 Bc6 91. Ke5
h1=Q 92. Kd6 Qd5+ 93. Kc7 Qc5 94. Kd8 Qe5 95. Kc8 Qe7 96. Kb8 Qb7# {
winner3 checkmated} 0-1

[Event "ICS Rated blitz match"]
[Site "204.178.125.65"]
[Date "2001.07.24"]
[Round "?"]
[White "Hossa"]
[Black "perucho"]
[Result "1/2-1/2"]
[WhiteElo "2559"]
[BlackElo "2889"]
[PlyCount "247"]
[EventDate "2001.??.??"]

1. e4 c5 2. Nf3 Nc6 3. d4 cxd4 4. Nxd4 e5 5. Nb5 d6 6. c4 Be6 7. Bd3 Be7 8. Be3
a6 9. N5c3 Bg5 10. Nd5 Bxe3 11. fxe3 Qh4+ 12. g3 Qd8 13. O-O Bh3 14. Rf2 Nh6
15. Nbc3 O-O 16. Bf1 Be6 17. Bg2 Qg5 18. Rf1 Rab8 19. Qe2 b6 20. Rad1 Bg4 21.
Bf3 Bh3 22. Rfe1 Rfe8 23. Nc7 Rec8 24. N3d5 a5 25. Nb5 Rd8 26. Rd2 Ng4 27. Ndc3
h5 28. Nxd6 h4 29. gxh4 Qxh4 30. Nf5 Rxd2 31. Nxh4 Rxe2 32. Rxe2 Nf6 33. Rd2
Ne7 34. Nd5 Nexd5 35. exd5 Rc8 36. b3 b5 37. Be2 Ne4 38. Rc2 bxc4 39. Rxc4 Nc3
40. Bf1 Bd7 41. d6 Rxc4 42. Bxc4 Kf8 43. Nf3 f6 44. Nd2 Nxa2 45. Ne4 Bc6 46.
Nc5 Ke8 47. Kf2 Nc3 48. Bd3 Nb5 49. Bxb5 Bxb5 50. Kg3 g6 51. h3 Kd8 52. Kf2 f5
53. h4 Ke8 54. Kf3 Kf7 55. Kg2 Bc6+ 56. Kh3 f4 57. e4 Bb5 58. Kg2 Kf6 59. Kf2
Bc6 60. Ke2 Kf7 61. Kf3 Bb5 62. Kf2 Kf6 63. Kf3 Kf7 64. Kf2 Ke8 65. Ke1 Kd8 66.
Kd1 Kc8 67. Kd2 f3 68. Ke3 Be2 69. Kf2 Bd1 70. Nd3 Bxb3 71. Nxe5 a4 72. Nc6 a3
73. Nb4 Kd7 74. e5 Bd5 75. Ke3 Ke6 76. Kf2 Bb7 77. Ke3 Bc8 78. Kxf3 Kxe5 79.
Ke3 Be6 80. Kd3 Kxd6 81. Kc3 Ke5 82. Nc6+ Kf6 83. Nb4 Bf7 84. Nc2 a2 85. Kb2
Kf5 86. Nd4+ Ke5 87. Nc6+ Kf6 88. Nb8 Be6 89. Nc6 Bd5 90. Nb4 Ke5 91. Nd3+ Kf5
92. Nc5 Be6 93. Ka1 Bc4 94. Nd7 Bd5 95. Nf8 Kf6 96. Nxg6 Kxg6 97. Kb2 Kh5 98.
Ka1 Bb3 99. Kb2 Bg8 100. Ka1 Be6 101. Kb2 Bb3 102. Ka1 Kg4 103. h5 Kxh5 104.
Kb2 Bc4 105. Ka1 Bg8 106. Kb2 Bf7 107. Ka1 Bd5 108. Kb2 Be6 109. Ka1 Kg4 110.
Kb2 Bd5 111. Ka1 Bg8 112. Kb2 Bf7 113. Ka1 Bc4 114. Kb2 Be6 115. Ka1 Bb3 116.
Kb2 Bc4 117. Ka1 Kf3 118. Kb2 Bd5 119. Ka1 Bg8 120. Kb2 Bf7 121. Ka1 Be6 122.
Kb2 Bf7 123. Ka1 Be6 124. Kb2 {Game drawn by mutual agreement} 1/2-1/2

[Event "ICS rated blitz match"]
[Site "204.178.125.65"]
[Date "2001.07.24"]
[Round "?"]
[White "NewHal9000"]
[Black "Hossa"]
[Result "1-0"]
[WhiteElo "2808"]
[BlackElo "2571"]
[PlyCount "114"]
[EventDate "2001.??.??"]

1. c4 e5 2. Nc3 Nf6 3. Nf3 Nc6 4. a3 g6 5. g3 Bg7 6. Bg2 O-O 7. O-O d6 8. d3
Bg4 9. h3 Bf5 10. e4 Be6 11. b4 Qc8 12. Nd5 Bxh3 13. Bxh3 Qxh3 14. Nxc7 Rab8
15. Nb5 Rbd8 16. Ng5 Qd7 17. Kg2 d5 18. exd5 Nxd5 19. Ne4 Nde7 20. Bb2 a6 21.
Nc5 Qf5 22. Nc3 b6 23. N5e4 Qd7 24. c5 b5 25. Nd6 Nd4 26. a4 Nef5 27. Nxf5 Qc6+
28. f3 Nxf5 29. Re1 Rd4 30. axb5 axb5 31. Ne4 Rxb4 32. Bc3 Ra4 33. Qb3 Rxa1 34.
Rxa1 Qd7 35. Bb2 Rd8 36. Ra6 Rb8 37. g4 Ne7 38. Rd6 Qc7 39. Ng5 Rf8 40. Qxb5
Qc8 41. Ne4 Qa8 42. Qc4 Nc6 43. Bc3 Qc8 44. Qb5 Nd8 45. c6 Re8 46. c7 Ne6 47.
Rc6 Nd4 48. Bxd4 exd4 49. Nd6 Qe6 50. Rc2 Rf8 51. Qc6 h5 52. c8=Q Rxc8 53.
Qxc8+ Bf8 54. Qxe6 fxe6 55. Rc6 Be7 56. Nc8 Bf8 57. gxh5 gxh5 {Hossa resigns}
1-0

[Event "ICS Rated blitz match"]
[Site "204.178.125.65"]
[Date "2001.07.24"]
[Round "?"]
[White "perucho"]
[Black "Hossa"]
[Result "1-0"]
[WhiteElo "2877"]
[BlackElo "2564"]
[PlyCount "129"]
[EventDate "2001.??.??"]

1. d4 b5 2. e4 Bb7 3. Bxb5 Bxe4 4. Nf3 Nf6 5. Nc3 Bb7 6. O-O e6 7. a3 Be7 8.
Bg5 O-O 9. Bf4 d6 10. Qe2 Nbd7 11. Ba6 Bxa6 12. Qxa6 Nb6 13. Qd3 Qd7 14. b3 Ng4
15. h3 Nf6 16. Rab1 Rac8 17. Bg5 c6 18. Ne2 Nfd5 19. Bd2 Rb8 20. c4 Nc7 21. Ng3
Rfe8 22. Bf4 f6 23. Rbd1 a5 24. Bd2 a4 25. Rb1 f5 26. Ba5 Nca8 27. b4 Rb7 28.
Qc2 Ra7 29. Rfe1 Rf8 30. Rbc1 Rf6 31. c5 dxc5 32. dxc5 Nd5 33. Qxa4 Ra6 34. Qb3
Rh6 35. a4 Bf6 36. Rcd1 Qf7 37. Ne2 Qe8 38. Ned4 Bxd4 39. Nxd4 Qc8 40. Re5 Qb7
41. Qc4 Qc8 42. Rde1 Rf6 43. Rxe6 Rxe6 44. Rxe6 Kf8 45. Rd6 Ndc7 46. Nf3 Qe8
47. Ng5 h6 48. Rd8 hxg5 49. Rxe8+ Kxe8 50. Qg8+ Kd7 51. Qxg7+ Kc8 52. Qxg5 Kb8
53. Qxf5 Kb7 54. h4 Nd5 55. b5 Ra7 56. Qd7+ Nac7 57. Bxc7 Nxc7 58. b6 Ka6 59.
bxa7 Ka5 60. Qxc7+ Kb4 61. a8=Q Kb3 62. Qab7+ Kc2 63. Qf4 Kd1 64. Qd4+ Kc2 65.
Qbb2# {Hossa checkmated} 1-0

[Event "ICS rated blitz match"]
[Site "204.178.125.65"]
[Date "2001.07.24"]
[Round "?"]
[White "Hossa"]
[Black "perucho"]
[Result "0-1"]
[WhiteElo "2559"]
[BlackElo "2882"]
[PlyCount "105"]
[EventDate "2001.??.??"]

1. e4 Nf6 2. e5 Nd5 3. d4 d6 4. c4 Nb6 5. exd6 exd6 6. Nc3 Be7 7. Be2 O-O 8.
Nf3 Bg4 9. O-O Nc6 10. d5 Bxf3 11. Bxf3 Ne5 12. b3 Nxf3+ 13. Qxf3 Bf6 14. Bd2
Nd7 15. Rae1 Be5 16. Ne4 a6 17. Re2 b5 18. Qh5 bxc4 19. bxc4 Rb8 20. Ba5 Nb6
21. Bxb6 Rxb6 22. Ng5 h6 23. Nf3 Bc3 24. Rc1 Qf6 25. Qg4 Rfb8 26. Qe4 Rb2 27.
Rxb2 Rxb2 28. Qe8+ Kh7 29. a3 Ra2 30. a4 Ba5 31. Rf1 Qf4 32. h3 Bb6 33. h4 a5
34. h5 Rc2 35. Qe7 Rxc4 36. Qe8 Qf5 37. Qb5 Rb4 38. Qc6 Rg4 39. Nh2 Rg5 40. g4
Qe4 41. Qd7 Qxd5 42. Re1 Qd2 43. Rf1 f5 44. Qc6 Qe2 45. Qf3 Rxg4+ 46. Kh1 Qxf3+
47. Nxf3 Rxa4 48. Kg2 Rg4+ 49. Kh3 a4 50. Nh4 Rg5 51. f4 Rxh5 52. Kg3 a3 53.
Ra1 {Hossa resigns} 0-1

[Event "ICS rated blitz match"]
[Site "204.178.125.65"]
[Date "2001.07.24"]
[Round "?"]
[White "perucho"]
[Black "Hossa"]
[Result "1-0"]
[WhiteElo "2886"]
[BlackElo "2555"]
[PlyCount "96"]
[EventDate "2001.??.??"]

1. Nf3 g6 2. c4 b6 3. d4 Bb7 4. Nc3 Nf6 5. g3 Bg7 6. Bg2 O-O 7. O-O d6 8. Bf4
Nbd7 9. Rc1 Ne4 10. Nxe4 Bxe4 11. Qd2 Nf6 12. b3 Qd7 13. Bg5 Bf5 14. Bh6 c6 15.
Qf4 Bxh6 16. Qxh6 Ng4 17. Qh4 Nf6 18. Rfd1 Qe6 19. e3 Qc8 20. Ng5 Kg7 21. e4
Bg4 22. f3 h6 23. e5 Ne8 24. fxg4 hxg5 25. Qxg5 f6 26. Qe3 fxe5 27. dxe5 Qe6
28. Bxc6 Rc8 29. Bd5 Qxe5 30. Qxe5+ dxe5 31. Re1 Nf6 32. Be6 Rcd8 33. Rxe5 Rd2
34. g5 Nh7 35. Bd5 e6 36. Be4 Rf7 37. Rxe6 Nf8 38. Re8 Rxa2 39. Re1 Nh7 40. h4
Nf8 41. Bd5 Raf2 42. Bxf7 Rxf7 43. b4 Kh8 44. c5 bxc5 45. bxc5 Kg7 46. c6 Nd7
47. cxd7 Rxd7 48. R1e7+ Rxe7 {Hossa resigns} 1-0

[Event "ICS rated blitz match"]
[Site "204.178.125.65"]
[Date "2001.07.24"]
[Round "?"]
[White "Hossa"]
[Black "Chaos23"]
[Result "1-0"]
[WhiteElo "2551"]
[BlackElo "2081"]
[PlyCount "57"]
[EventDate "2001.??.??"]

1. e4 e6 2. d4 d6 3. Bc4 c6 4. Bd3 f6 5. Nf3 g6 6. O-O b6 7. e5 dxe5 8. dxe5 f5
9. Qe2 Bh6 10. Na3 b5 11. Rd1 Qe7 12. c4 b4 13. Nc2 a5 14. Nfd4 Qc7 15. f4 Bf8
16. Qf3 Bc5 17. Be3 Ne7 18. Nxf5 Bxe3+ 19. Nfxe3 O-O 20. Qg4 Nf5 21. Bxf5 exf5
22. Qh4 Be6 23. Nd4 Bf7 24. Qg5 Re8 25. Nexf5 Na6 26. Nh6+ Kg7 27. Qf6+ Kxh6
28. Nf5+ Kh5 29. Qg5# {Chaos23 checkmated} 1-0

[Event "ICS rated blitz match"]
[Site "204.178.125.65"]
[Date "2001.07.24"]
[Round "?"]
[White "Hossa"]
[Black "Saru"]
[Result "1-0"]
[WhiteElo "2553"]
[BlackElo "2135"]
[PlyCount "87"]
[EventDate "2001.??.??"]

1. e4 c5 2. Nf3 Nc6 3. d4 cxd4 4. Nxd4 Nf6 5. Nc3 e5 6. Ndb5 d6 7. Bg5 a6 8.
Na3 b5 9. Nd5 Be7 10. Bxf6 Bxf6 11. c3 Bg5 12. Nc2 O-O 13. a4 Rb8 14. axb5 axb5
15. Bd3 Ne7 16. Ncb4 Nxd5 17. Nc6 Qc7 18. exd5 Rb7 19. Qe2 f5 20. Bxb5 Qf7 21.
c4 e4 22. O-O Bf6 23. Ra8 Qg6 24. Ba6 Rc7 25. Bxc8 Rcxc8 26. Ra7 f4 27. Qd2 f3
28. g3 Qh5 29. h4 Bxh4 30. Qd4 Bf6 31. Qxe4 Bxb2 32. Qe6+ Kh8 33. Rb1 Rce8 34.
Re7 Rxe7 35. Qxe7 Re8 36. Qd7 Bf6 37. Rb8 Rxb8 38. Nxb8 h6 39. Qe6 Kh7 40. Nd7
Bd4 41. Qe4+ Kh8 42. Qe7 Qh3 43. Qf8+ Kh7 44. Qxf3 {Saru resigns} 1-0

[Event "ICS rated blitz match"]
[Site "204.178.125.65"]
[Date "2001.07.24"]
[Round "?"]
[White "perucho"]
[Black "Hossa"]
[Result "1-0"]
[WhiteElo "2873"]
[BlackElo "2556"]
[PlyCount "86"]
[EventDate "2001.??.??"]

1. Nf3 g6 2. c4 b6 3. d4 Bb7 4. Nc3 Nf6 5. Bf4 Bg7 6. e3 Nh5 7. Be5 f6 8. Bg3
Nxg3 9. hxg3 f5 10. c5 bxc5 11. dxc5 e6 12. Qb3 Bc6 13. Nd4 a6 14. Qa3 Bb7 15.
Rd1 Qc8 16. Nde2 Bf6 17. Nf4 O-O 18. Rd2 Rf7 19. Qa4 Nc6 20. e4 Bxc3 21. bxc3
Rb8 22. Be2 fxe4 23. Qxe4 Qf8 24. Qe3 a5 25. O-O Qg7 26. Rb1 Ba8 27. Rxb8+ Nxb8
28. Bc4 Qf6 29. Nxe6 Kh8 30. Nxc7 Re7 31. Qd4 Re1+ 32. Kh2 Qxd4 33. cxd4 Be4
34. d5 Rc1 35. Rd4 Bc2 36. Rf4 Ba4 37. Bd3 Bd1 38. c6 Kg8 39. Ne6 dxe6 40. Rc4
exd5 41. c7 Rxc4 42. Bxc4 dxc4 43. cxb8=Q+ Kg7 {Hossa resigns} 1-0

[Event "ICS rated blitz match"]
[Site "204.178.125.65"]
[Date "2001.07.24"]
[Round "?"]
[White "monsoon"]
[Black "Hossa"]
[Result "1-0"]
[WhiteElo "2563"]
[BlackElo "2562"]
[PlyCount "130"]
[EventDate "2001.??.??"]

1. e4 e5 2. Nf3 Nf6 3. Nxe5 d6 4. Nf3 Nxe4 5. d4 d5 6. Bd3 Be7 7. O-O Nc6 8. c4
Nb4 9. Be2 dxc4 10. Bxc4 O-O 11. Nc3 Nd6 12. Bb3 Bf6 13. Ne5 Re8 14. Nxf7 Nxf7
15. Bxf7+ Kxf7 16. Qb3+ Re6 17. Qxb4 Qxd4 18. Qb3 c6 19. Be3 Qh4 20. Ne2 Kf8
21. Bc5+ Be7 22. Nd4 Re4 23. Nf3 Qf6 24. Rac1 g6 25. Nd2 Re6 26. Be3 Kg8 27.
Ne4 Qe5 28. f3 Bd6 29. Nxd6 Qxd6 30. Rcd1 Qe7 31. Kh1 a5 32. Rfe1 b5 33. Bg5 a4
34. Bxe7 axb3 35. axb3 Rxe1+ 36. Rxe1 Be6 37. b4 Kf7 38. Bd6 Rd8 39. Be5 Bb3
40. Kg1 Rd1 41. Rxd1 Bxd1 42. Kf2 Ke6 43. Bh8 Kd5 44. Ke3 Kc4 45. Bc3 Bc2 46.
Kf4 Bf5 47. Kg5 Kd3 48. Kf6 Ke3 49. Ke5 Kf2 50. g4 Bd3 51. f4 Kg2 52. f5 Kxh2
53. f6 Bc4 54. g5 Kg3 55. Kd6 Kg4 56. Bd2 Kf3 57. Ke7 Ke2 58. Bc3 Kf3 59. f7
Bxf7 60. Kxf7 Kg4 61. Bd2 Kf5 62. Kg7 Ke5 63. Kxh7 Kf5 64. Kg7 Ke4 65. Kxg6 Kd3
{Hossa resigns} 1-0

[Event "ICS rated blitz match"]
[Site "204.178.125.65"]
[Date "2001.07.24"]
[Round "?"]
[White "Hossa"]
[Black "monsoon"]
[Result "1/2-1/2"]
[WhiteElo "2546"]
[BlackElo "2579"]
[PlyCount "196"]
[EventDate "2001.??.??"]

1. d4 Nf6 2. c4 e6 3. Nf3 b6 4. a3 Bb7 5. Nc3 d5 6. cxd5 Nxd5 7. Bd2 Nd7 8. Qc2
c5 9. Nxd5 exd5 10. dxc5 bxc5 11. e3 c4 12. Bc3 Qb6 13. Be2 Qh6 14. Nd4 Rd8 15.
Qa4 Qg6 16. O-O Bc5 17. Bb4 Qa6 18. Qd1 O-O 19. Bg4 Qb6 20. Bxd7 Rxd7 21. Bxc5
Qxc5 22. Qg4 Bc8 23. Nf5 f6 24. Nd4 Rb7 25. Qe2 f5 26. g3 Kh8 27. Rfd1 Bd7 28.
Rac1 Qe7 29. Rd2 Qe4 30. Rf1 Rb6 31. f3 Qe5 32. Re1 Qf6 33. Red1 Re8 34. Qf2
Rbb8 35. Qe1 Rbc8 36. Re2 Ba4 37. Rb1 Bc6 38. Qa5 f4 39. Qxa7 fxg3 40. hxg3 Qg6
41. Rd1 c3 42. bxc3 Qxg3+ 43. Rg2 Qe5 44. Rd3 Ba8 45. Qf7 Rf8 46. Qe6 Qxe6 47.
Nxe6 Rxf3 48. Nf4 Re8 49. Nxd5 Bxd5 50. Rxd5 g6 51. c4 Rfxe3 52. a4 Ra3 53. Ra5
Re1+ 54. Kh2 Rc1 55. c5 Rac3 56. Ra7 Rxc5 57. a5 Rh5+ 58. Kg3 Rg5+ 59. Kh2 Rh5+
60. Kg3 Rc3+ 61. Kf4 Rc4+ 62. Ke3 Rh3+ 63. Kd2 Ra4 64. Kc1 Ra1+ 65. Kb2 Rha3
66. Rg5 R3a2+ 67. Kc3 Rc1+ 68. Kd4 Ra4+ 69. Kd5 Rac4 70. Rg2 Rc5+ 71. Kd6 Rc8
72. Rh2 h5 73. Rg2 R1c5 74. Kd7 Kg7 75. a6 Kh6 76. Rb7 Ra8 77. Ra2 h4 78. a7
Rcc8 79. Ke6 Re8+ 80. Kd5 g5 81. Ra6+ Kh5 82. Rg7 Rad8+ 83. Kc6 Re6+ 84. Kb7
Rxa6 85. Kxa6 Ra8 86. Kb7 Rxa7+ 87. Kxa7 Kg4 88. Kb6 Kf5 89. Rh7 Ke6 90. Kc6
Kf5 91. Kd5 Kg4 92. Ke4 Kg3 93. Rg7 Kf2 94. Rxg5 h3 95. Kf4 h2 96. Rh5 Kg1 97.
Kg3 h1=Q 98. Rxh1+ Kxh1 {Game drawn because neither player has mating material}
1/2-1/2

[Event "ICS Rated blitz match"]
[Site "204.178.125.65"]
[Date "2001.07.24"]
[Round "?"]
[White "monsoon"]
[Black "Hossa"]
[Result "0-1"]
[WhiteElo "2577"]
[BlackElo "2548"]
[PlyCount "158"]
[EventDate "2001.??.??"]

1. e4 e5 2. Nf3 Nf6 3. Nxe5 d6 4. Nf3 Nxe4 5. d4 d5 6. Bd3 Be7 7. O-O Nc6 8. c4
Nb4 9. Be2 O-O 10. Nc3 Be6 11. Be3 Bf5 12. Qb3 Nxc3 13. bxc3 Nc2 14. Rad1 Nxe3
15. fxe3 Bg5 16. cxd5 Bxe3+ 17. Kh1 Rb8 18. Ne5 Qg5 19. Bd3 Bxd3 20. Rxd3 Bf4
21. Rdf3 Bxe5 22. Rf5 Qe3 23. Rxe5 Qd3 24. Rfe1 b6 25. R5e3 Qf5 26. Re7 Rbc8
27. Qc4 Qf4 28. Qd3 Qf2 29. a3 Qf4 30. c4 a6 31. Qe3 Qxe3 32. R7xe3 Rfd8 33. a4
Kf8 34. Rh3 b5 35. axb5 axb5 36. Rxh7 Kg8 37. Rh3 bxc4 38. Rc3 Rxd5 39. Rxc4
Kh7 40. g4 Kg6 41. Kg2 Rcd8 42. Re4 R8d6 43. Kf3 f5 44. gxf5+ Rxf5+ 45. Ke3 c6
46. Rc2 Kf7 47. Ra2 Rf1 48. Ke2 Rg1 49. Ra7+ Kf6 50. Rf4+ Ke6 51. Ke3 g5 52.
Re4+ Kf6 53. Ra2 Kg6 54. Re2 Rf1 55. Kd3 Kf5 56. h4 g4 57. Re5+ Kf4 58. R2e4+
Kg3 59. h5 Kh4 60. Ra5 Rd5 61. Rxd5 cxd5 62. Re5 g3 63. h6 g2 64. h7 Rf8 65.
Re1 Rh8 66. Kc3 Rxh7 67. Kb4 Rc7 68. Kb5 Rc4 69. Ka5 Kg3 70. Re3+ Kf2 71. Rb3
g1=Q 72. Rb2+ Ke3 73. Kb6 Qg6+ 74. Ka5 Kxd4 75. Rb8 Rc5+ 76. Rb5 Qb1 77. Kb6
Qxb5+ 78. Ka7 Rc7+ 79. Ka8 Qb7# {monsoon checkmated} 0-1

[Event "ICS Rated blitz match"]
[Site "204.178.125.65"]
[Date "2001.07.24"]
[Round "?"]
[White "ChesterX"]
[Black "Hossa"]
[Result "1-0"]
[WhiteElo "2722"]
[BlackElo "2565"]
[PlyCount "96"]
[EventDate "2001.??.??"]

1. c4 e5 2. Nf3 e4 3. Nd4 Nc6 4. Nxc6 dxc6 5. Nc3 Nf6 6. d4 exd3 7. exd3 Bb4 8.
Be2 O-O 9. O-O Bc5 10. Bg5 Bd4 11. Qc2 Re8 12. Ne4 h6 13. Nxf6+ Bxf6 14. Bxf6
Qxf6 15. Rfe1 Bf5 16. Bf3 Rad8 17. Rxe8+ Rxe8 18. Be4 g6 19. a3 Kg7 20. Re1 Qd4
21. Kh1 Kf6 22. b3 Bxe4 23. dxe4 Rd8 24. f4 Qd2 25. Qb1 Rd3 26. Rf1 Ke7 27. f5
Qc3 28. fxg6 fxg6 29. c5 Ke6 30. b4 Qxa3 31. Qe1 g5 32. Qf2 Ke5 33. Qf8 Qxb4
34. Qxh6 Kd4 35. Qxg5 Qxc5 36. Qf4 Qe5 37. Qf2+ Re3 38. Rd1+ Kxe4 39. g3 Qg5
40. Qc2+ Ke5 41. Qb2+ Ke6 42. Qxb7 Qc5 43. Qxc7 a5 44. Qd7+ Ke5 45. Qe8+ Kf6
46. Rf1+ Qf5 47. Qf8+ Ke5 48. Rxf5+ Ke6 {Hossa resigns} 1-0